Current problems and challenges of the Slovak economic diplomacy – practitioner views
Zhodnotenie aktuálneho stavu ekonomickej diplomacie Slovenskej republiky prostredníctvom štruktúrovaného rozhovoru s bývalým ekonomickým diplomatom. Analýza cieľov, organizačnej štruktúry, aktérov Slovenskej ekonomickej diplomacie a ich vzájomných vzťahov. Hlavné aktuálne problémy v oblasti výkonu e...
Enregistré dans:
| Auteur principal: | |
|---|---|
| Autres auteurs: | |
| Format: | Chapitre de livre |
| Langue: | anglais |
| Sujets: | |
| Tags: |
Pas de tags, Soyez le premier à ajouter un tag!
|
MARC
| LEADER | 00000nla a2200000 4500 | ||
|---|---|---|---|
| 001 | 0183920 | ||
| 005 | 20240502073142.2 | ||
| 041 | 0 | |a eng | |
| 044 | |a SK | ||
| 245 | 1 | 0 | |a Current problems and challenges of the Slovak economic diplomacy – practitioner views |c Dušan Plichta, Michal Polgár |
| 520 | |a Zhodnotenie aktuálneho stavu ekonomickej diplomacie Slovenskej republiky prostredníctvom štruktúrovaného rozhovoru s bývalým ekonomickým diplomatom. Analýza cieľov, organizačnej štruktúry, aktérov Slovenskej ekonomickej diplomacie a ich vzájomných vzťahov. Hlavné aktuálne problémy v oblasti výkonu ekonomickej diplomacie v praxi. Návrh riešení aktuálnych problémov a hodnotenie výzvy. Hodnotenie bolo vypracované metódou štrukturovaného rozhovoru. | ||
| 610 | 2 | 0 | |a diplomacia |
| 610 | 2 | 0 | |a vzťahy hospodárske medzinárodné |
| 610 | 2 | 0 | |a vzťahy zahraničné |
| 610 | 2 | 0 | |a politika medzinárodná |
| 610 | 2 | 0 | |a Slovensko |
| 100 | 1 | |a Plichta, Dušan | |
| 700 | 1 | |a Polgár, Michal | |